| 000 -ლიდერი |
| ფიქსირებული სიგრძის საკონტროლო ველი |
01148nam a22002177a 4500 |
| 003 - საკონტროლო ნომრის იდენტიფიკატორი |
| საკონტროლო ველი |
Ge_BSU |
| 005 - ბოლო ოპერაციის თარიღი და დრო |
| საკონტროლო ველი |
20221115123459.0 |
| 008 - ფიქსირებული სიგრძის მონაცემთა ელემენტები - ზოგადი ინფორმაცია |
| ფიქსირებული სიგრძის საკონტროლო ველი |
221115s2003 ge ||||| |||| 00| 0 geo d |
| 020 ## - წიგნის საერთაშორისო სტანდარტული ნომერი |
| International Standard Book Number |
9994016393 |
| 041 ## - ენის კოდი |
| Language code of text/sound track or separate title |
geo |
| 080 ## - უნივერსალური ათობითი კლასიფიკაციის ინდექსი |
| Universal Decimal Classification number |
341.4 თ-77 |
| 100 ## - მთავარი ჩანაწერი - პიროვნების სახელი |
| Personal name |
თოფურიძე, ნოდარ |
| 9 (RLIN) |
15830 |
| 245 ## - ცნობა სათაურის შესახებ |
| Title |
საერთაშორისო სისხლის სამართალი : |
| Remainder of title |
თეორია და პრაქტიკა / |
| Statement of responsibility, etc |
ნოდარ თოფურიძე, ზვიად ცაგარეიშვილი ; [რედ.: ანა ჭაბაშვილი, მალხაზ კობიაშვილი]. |
| 250 ## - გამოცემის ცნობა |
| Edition statement |
[1-ლი გამოც.]. |
| 264 ## - წარმოების, გამოცემის, დისტრიბუციის და სხვა ცნობები |
| გამოცემის, წარმოების, დისტრიბუციის... ადგილი |
თბილისი : |
| გამოცემის, წარმოების, დისტრიბუციის... სახელწოდება |
[დიოგენე], |
| გამოცემის, წარმოების, დისტრიბუციის... თარიღი |
2003. |
| 300 ## - ფიზიკური აღწერა |
| Extent |
164 გვ. ; |
| Other physical details |
20 სმ. |
| 504 ## - BIBLIOGRAPHY, ETC. NOTE |
| Bibliography, etc |
ბიბლიოგრ. ტექსტ. შენიშვნ. და გვ. 164. |
| 653 ## - INDEX TERM--UNCONTROLLED |
| Uncontrolled term |
საერთაშორისო სისხლის სამართალი |
| 700 ## - ADDED ENTRY--PERSONAL NAME |
| Personal name |
ცაგარეიშვილი, ზვიად |
| Relator term |
ავტორი |
| 9 (RLIN) |
15831 |
| 942 ## - ADDED ENTRY ELEMENTS (KOHA) |
| Source of classification or shelving scheme |
|
| Koha item type |
წიგნი |